000 00691nam a2200241Ia 4500
005 20260121112812.0
008 8918 260114s9999 xx 000 0 eng d
020 _a9789812777959
037 _aEBOOK
040 _aCRL
_beng
_cCRL
041 _aeng
_2eng
084 _qCRL
100 _aLee C-H & Chang H-Y
_9963459
245 0 _aCurrent High-Energy Emission Around Black Holes, Proceedings of the 2Nd Kias Astrophysics Workshop
260 _bWorld Scientific
260 _bWSPC
260 _c2002
650 _aPhysics
_9963460
856 _uhttps://www.worldscientific.com/worldscibooks/10.1142/4895#t=toc
942 _cEBOOK
999 _c1546218
_d1546218